000 00665nam a2200241 a 4500
003 AR-BaBNM
005 20251128203909.0
008 082120s2002 ||||||||||||||000 | spa||
020 _a92-3-301905-5
040 _cAR-BaBNM
100 1 _aMorris, Robert
245 0 0 _aEstudios en educación matemática
260 _aParís
_bUnesco
_c1981
300 _a229 p.
_bgráfs.
490 0 _aLa enseñanza de las ciencias fundamentales. Matemáticas
_vv. 2
650 4 _aENSEÑANZA DE LAS MATEMATICAS
650 4 _aNECESIDADES DEL ALUMNO
650 4 _aOBJETIVOS EDUCACIONALES
650 4 _aESTADISTICA
650 4 _aINFORMATICA
942 _cBK
998 _cCarmen
999 _c5383
_d5383